[Event "Kort Påske 1"]
[Site "?"]
[Date "2018.03.26"]
[Round "5.17"]
[White "Skafte Jespersen (1205), Andreas"]
[Black "Bo Andersen (1090), Sten"]
[Result "0-1"]
[BlackElo "1090"]
[WhiteElo "1205"]
[LiveChessVersion "1.4.8"]

1. e4 {[%clk 1:30:58]} e6 {[%clk 1:30:07]} 2. d4 {[%clk 1:31:24]} d5
{[%clk 1:27:38]} 3. Nd2 {[%clk 1:31:49]} Nc6 {[%clk 1:26:38]} 4. c3
{[%clk 1:30:17]} Be7 {[%clk 1:20:48]} 5. Ngf3 {[%clk 1:27:45]} dxe4
{[%clk 1:18:21]} 6. Nxe4 {[%clk 1:27:21]} Nf6 {[%clk 1:18:22]} 7. Nxf6+
{[%clk 1:26:47]} Bxf6 {[%clk 1:18:33]} 8. Bd3 {[%clk 1:27:11]} O-O
{[%clk 1:17:34]} 9. Qc2 {[%clk 1:26:10]} g6 {[%clk 1:17:20]} 10. O-O
{[%clk 1:26:24]} Ne7 {[%clk 1:16:43]} 11. Bf4 {[%clk 1:22:56]} Nd5
{[%clk 1:15:44]} 12. Be5 {[%clk 1:20:57]} a6 {[%clk 1:08:42]} 13. a4
{[%clk 1:17:29]} Nb6 {[%clk 1:07:29]} 14. Rfe1 {[%clk 1:16:33]} Nd7
{[%clk 1:06:53]} 15. Bxf6 {[%clk 1:15:35]} Nxf6 {[%clk 1:00:54]} 16. Bf1
{[%clk 1:15:45]} Nd5 {[%clk 1:00:10]} 17. g3 {[%clk 1:16:05]} Bd7
{[%clk 0:59:42]} 18. Ne5 {[%clk 1:14:37]} Be8 {[%clk 0:58:49]} 19. Bg2
{[%clk 1:13:48]} c6 {[%clk 0:57:44]} 20. a5 {[%clk 1:10:11]} f6 {[%clk 0:56:24]}
21. Nd3 {[%clk 1:09:09]} Bf7 {[%clk 0:50:30]} 22. Nc5 {[%clk 1:08:24]} Qe7
{[%clk 0:49:39]} 23. Re2 {[%clk 1:07:36]} Ra7 {[%clk 0:45:02]} 24. Rae1
{[%clk 1:06:37]} Nc7 {[%clk 0:44:00]} 25. Bh3 {[%clk 1:01:52]} Re8
{[%clk 0:42:02]} 26. Qe4 {[%clk 0:59:26]} f5 {[%clk 0:40:54]} 27. Qe5
{[%clk 0:57:30]} Qd8 {[%clk 0:37:18]} 28. Bg2 {[%clk 0:51:18]} Qe7
{[%clk 0:35:46]} 29. Qe3 {[%clk 0:50:32]} Qd6 {[%clk 0:34:59]} 30. Qd2
{[%clk 0:49:46]} Re7 {[%clk 0:28:48]} 31. Nd3 {[%clk 0:50:04]} Kg7
{[%clk 0:24:49]} 32. Qf4 {[%clk 0:50:10]} Qxf4 {[%clk 0:24:24]} 33. Nxf4
{[%clk 0:50:30]} Ra8 {[%clk 0:24:12]} 34. Nd3 {[%clk 0:50:33]} Rae8
{[%clk 0:23:31]} 35. Nb4 {[%clk 0:50:28]} Rc8 {[%clk 0:19:17]} 36. d5
{[%clk 0:50:21]} cxd5 {[%clk 0:18:38]} 37. Nxd5 {[%clk 0:50:36]} Nxd5
{[%clk 0:18:35]} 38. Bxd5 {[%clk 0:50:57]} Kf6 {[%clk 0:17:29]} 39. Bg2
{[%clk 0:50:19]} Rc5 {[%clk 0:17:20]} 40. Ra1 {[%clk 0:49:55]} e5
{[%clk 0:16:23]} 41. Rd2 {[%clk 0:49:30]} Be6 {[%clk 0:15:20]} 42. h3
{[%clk 0:49:43]} e4 {[%clk 0:14:35]} 43. Bf1 {[%clk 0:49:27]} Rd7
{[%clk 0:12:56]} 44. Rxd7 {[%clk 0:49:11]} Bxd7 {[%clk 0:13:11]} 45. Be2
{[%clk 0:48:09]} Bb5 {[%clk 0:12:45]} 46. Kf1 {[%clk 0:47:50]} Rd5
{[%clk 0:10:46]} 47. Bxb5 {[%clk 0:47:50]} Rxb5 {[%clk 0:10:51]} 48. b4
{[%clk 0:47:57]} Rd5 {[%clk 0:09:24]} 49. Ke2 {[%clk 0:47:22]} h5
{[%clk 0:08:34]} 50. Rd1 {[%clk 0:47:32]} Ke5 {[%clk 0:07:53]} 51. Rxd5+
{[%clk 0:42:47]} Kxd5 {[%clk 0:08:19]} 52. Kd2 {[%clk 0:42:51]} g5
{[%clk 0:07:23]} 53. h4 {[%clk 0:42:33]} gxh4 {[%clk 0:06:44]} 54. gxh4
{[%clk 0:42:55]} f4 {[%clk 0:06:55]} 55. Kc2 {[%clk 0:42:13]} Kc4
{[%clk 0:07:00]} 56. Kd2 {[%clk 0:39:33]} Kb3 {[%clk 0:06:50]} 57. f3 e3+
{[%clk 0:03:13]} 58. Kd3 {[%clk 0:39:01]} e2 {[%clk 0:02:10]} 59. Kxe2
{[%clk 0:34:40]} Kxc3 {[%clk 0:02:22]} 60. Kf2 {[%clk 0:34:19]} Kxb4
{[%clk 0:02:16]} 61. Ke2 {[%clk 0:34:34]} Kxa5 {[%clk 0:01:49]} 62. Kd3
{[%clk 0:34:47]} b5 {[%clk 0:01:59]} 0-1